| 000 | 00483ntaaa2200181 4500 | ||
|---|---|---|---|
| 003 | 01 | ||
| 005 | 20251027202400.0 | ||
| 008 | 0714s1973 ag 01 | ||
| 040 |
_aAR-BaBN _bspa _cAR-BaBN _eaacr _dRIC |
||
| 082 | _a282.0630 G58 | ||
| 100 |
_aGonzaga, Javier _922524 |
||
| 245 | _aConcilios | ||
| 250 | _a1 ed. | ||
| 260 |
_aGrand Rapids : _bInternational Publications, _cc1965 |
||
| 300 | _a2 tomos | ||
| 500 | _aHistoria de los grandes concilios ecuménicos católicos | ||
| 942 | _cBK | ||
| 999 |
_c18708 _d18708 |
||